Guía para la descripción de suelos.

Guardado en:
Autor Corporativo: Organización de las Naciones Unidas para la Agricultura y la Alimentación.
Formato: Libro
Idioma:Spanish
Publicado: Roma : FAO, 2009.
Edición:4a ed.
Materias:
Acceso en línea:Acceso a texto completo
Etiquetas: Agregar Etiqueta
Sin Etiquetas, Sea el primero en etiquetar este registro!
LEADER 01004nam a22002535a 4500
001 EEA.libagro008786
008 130809s2009####it#a##########000#0#spa#d
005 20210429141609.0
245 1 0 |a Guía para la descripción de suelos. 
250 |a 4a ed. 
260 |a Roma :  |b FAO,  |c 2009. 
300 |a 99 p. :  |b il. ;  |c 25 cm. 
500 |a Traducido y adaptado al castellano por Ronald Vargas Rojas (Proyecto FAO- SWALIM, Nairobi, Kenya - Universidad Mayor de San Simón, Bolivia). 
530 |a Disponible también en línea. 
020 |a 9789253055210 
710 2 |a Organización de las Naciones Unidas para la Agricultura y la Alimentación. 
082 0 4 |a 631.4 
650 7 |a Análisis del suelo  |2 agrovoc 
650 7 |a Análisis del suelo  |x Normas  |2 agrovoc 
650 7 |a Equipo de laboratorio  |2 agrovoc 
650 7 |a Suelo  |x Perfil  |2 agrovoc 
650 7 |a Plantas  |2 agrovoc 
856 4 1 |y Acceso a texto completo  |u http://www.fao.org/3/a0541s/a0541s.pdf 
859 |a AR-BbBCA  |b BIB. AGRONOMIA  |h 631.4  |i F218a4  |p 2012/6116